Chick-fil-A Dipping Sauces - Statistics

General Stats
  • This quiz has been taken 342 times
  • The average score is 5 of 7
Answer Stats
Sauces % Correct
Chick-fil-A
94%
Garlic & Herb Ranch
87%
Barbeque
82%
Polynesian
79%
Honey Mustard
77%
Zesty Buffalo
73%
Sweet & Spicy Sriracha
44%
No matching quizzes found
Score Distribution
Percent of People with Each Score
Percentile by Number Answered
Your Score History
You have not taken this quiz